Missing Word: Lily Tomlin Films Quiz Stats

 Plays Quiz Updated Oct 3, 2017

Challenge
Share
Tweet
Embed
Score 0/18 Timer 03:00
0 Plays Today
Title Missing Word % Correct
9 to __5
98.8%
The ____ Panther 2Pink
95.4%
Getting Away With ______Murder
89.5%
The ________ Shrinking WomanIncredible
86.2%
Moment by ______Moment
85.9%
The Beverly ________Hillbillies
85%
I ______ HuckabeesHeart
80.2%
____ of MeAll
75%
The Search for Signs of Intelligent Life in the ________Universe
65%
Title Missing Word % Correct
A _______ Home CompanionPrairie
62.9%
Flirting With _______Disaster
58.8%
Tea With _________Mussolini
39.3%
____ BusinessBig
36.5%
The Late _____Show
36.3%
The ____ Bully*Ant
31.4%
Orange ______County
30.4%
Krippendorf's _____Tribe
23%
Short ____Cuts
19.9%

Today's Daily Dose

Word Ladder
Anchorman

Get the Picture
'Head' Bands

You're not logged in!

Compare scores with friends on all Sporcle quizzes.
OR
Log In

You Might Also Like...

Show Comments

Extras

Top Quizzes Today


Score Distribution

Your Account Isn't Verified!

In order to create a playlist on Sporcle, you need to verify the email address you used during registration. Go to your Sporcle Settings to finish the process.

Report this User

Report this user for behavior that violates our Community Guidelines.

Details: